00218nam a2200085Ia 4500008004100000100001500041245002200056260004500078260000900123170620s9999 xx 000 0 und d aRao- V. K. 0aTeacher Education bNew Delhi- A.P.H. Publishing corporation c2006